| 000 | 00892nam a2200229 a 4500 | ||
|---|---|---|---|
| 001 | 000044479 | ||
| 005 | 20201002045414.0 | ||
| 008 | 140702s2008 dr a 000 0 spa d | ||
| 040 |
_aDO-SdBNP _bspa _cBNPHU |
||
| 082 | _a791.43 | ||
| 111 | 2 |
_aFestival Internacional de Cine Infantil _n(2: _d2007 : 7-13 agosto _cSanto Domingo) _972503 |
|
| 245 | 1 | 0 |
_aCine infantil / _cLuis Rafael Jiménez, Margarita Cedeño de Fernández. |
| 260 |
_aSanto Domingo : _bDespacho de la Primera Dama de la República Dominicana, _c2008. |
||
| 300 |
_a[36] p. : _bil. ; _c29 cm. |
||
| 650 | 4 |
_aCine para niños dominicanos _972504 |
|
| 650 | 4 |
_aCuentos infantiles _vCOLECCIONES _921796 |
|
| 650 | 4 |
_aCuentos populares _915566 |
|
| 650 | 4 |
_aAnimación (cinematografía) _972505 |
|
| 650 |
_aCuentos fantasticos _972506 |
||
| 700 | 1 | 2 |
_aJiménez, Luis Rafael _972507 |
| 700 | 1 | 2 |
_aCedeño de Fernández, Margarita _91331 |
| 999 |
_c43968 _d43968 |
||